Guess the Team by Madden Ratings - Statistics

General Stats
  • This quiz has been taken 130 times
  • The average score is 14 of 32
Answer Stats
QB RB WR TE EDGE CB Overall Team % Correct
99 86 81 99 80 90 92 Chiefs
81%
90 88 96 79 98 89 88 Cowboys
78%
87 99 90 97 97 91 86 49ers
61%
88 85 99 71 86 97 86 Dolphins
61%
98 80 84 94 88 91 87 Ravens
59%
74 96 90 89 99 90 87 Browns
56%
84 77 99 90 89 79 85 Vikings
56%
92 81 92 81 87 90 90 Bills
53%
87 85 95 86 86 91 91 Eagles
53%
93 91 93 69 89 85 89 Bengals
48%
68 90 94 74 97 81 79 Raiders
46%
83 84 88 81 99 76 73 Rams
46%
72 78 83 77 86 85 80 Panthers
44%
83 84 85 77 80 96 84 Jets
42%
71 84 82 84 84 89 81 Falcons
41%
70 94 89 73 87 80 74 Titans
39%
82 84 95 82 88 77 83 Lions
38%
71 92 78 85 79 78 82 Giants
37%
87 82 91 83 90 84 85 Chargers
34%
81 89 79 73 85 93 79 Packers
34%
73 80 89 74 70 87 80 Commanders
33%
69 79 80 80 89 85 82 Patriots
33%
77 83 81 80 76 74 72 Cardinals
32%
73 83 83 83 97 81 81 Steelers
32%
80 81 83 84 83 87 78 Texans
32%
75 80 84 72 77 95 80 Broncos
30%
74 87 86 73 77 86 77 Colts
30%
78 87 87 75 82 86 83 Seahawks
30%
76 77 89 82 84 88 76 Bears
29%
75 86 86 76 86 91 82 Saints
29%
76 88 85 88 91 85 84 Jaguars
28%
79 80 91 75 80 86 81 Buccaneers
22%
No matching quizzes found
Score Distribution
Percent of People with Each Score
Percentile by Number Answered
Your Score History
You have not taken this quiz